[Event "Niedersachsen-ch op-B"]
[Site "Verden"]
[Date "2016.01.06"]
[Round "7"]
[White "Flauss, Jessica"]
[Black "Bielstein, Bernd"]
[Result "1/2-1/2"]
[WhiteElo "1468"]
[BlackElo "1696"]
[PlyCount "88"]
[EventDate "2016.01.03"]
[EventType "swiss"]
[EventRounds "7"]
[EventCountry "GER"]
[SourceTitle "EXT 2018"]
[Source "ChessBase"]
[SourceDate "2017.10.13"]
[SourceVersion "1"]
[SourceVersionDate "2017.10.13"]
[SourceQuality "1"]

1. e4 e6 2. d4 d5 3. e5 c5 4. c3 Nc6 5. Nf3 Bd7 6. Be2 Nh6 7. Nbd2 cxd4 8. cxd4 Bb4 9. 0-0 Nf5 10. Nb3 0-0 11. Bd3 Be7 12. Bxf5 exf5 13. Ne1 f6 14. f4 fxe5 15. fxe5 Qe8 16. Qf3 Be6 17. Nd3 Rc8 18. Be3 g5 19. Qg3 Qg6 20. Ndc5 Nd8 21. Nxe6 Nxe6 22. Qf3 f4 23. Bd2 Nc7 24. Rac1 g4 25. Qe2 f3 26. Qf2 Bg5 27. Qg3 Bxd2 28. Nxd2 Ne6 29. Nb3 Nf4 30. Rf2 Ne2+ 31. Rxe2 fxe2 32. Re1 Qe4 33. h3 Rf1+ 34. Rxf1 exf1Q+ 35. Kxf1 Qb1+ 36. Kf2 Rf8+ 37. Ke3 Qg1+ 38. Ke2 Qf1+ 39. Ke3 Qf5 40. Qxg4+ Qxg4 41. hxg4 Kg7 42. Nc5 Rf7 43. Ne6+ Kg8 44. Nf4 Rd7 1/2-1/2

[Event "Niedersachsen-ch op-B"]
[Site "Verden"]
[Date "2016.01.05"]
[Round "5"]
[White "Brockmeyer, Tobias"]
[Black "Bielstein, Bernd"]
[Result "0-1"]
[WhiteElo "1511"]
[BlackElo "1696"]
[PlyCount "54"]
[EventDate "2016.01.03"]
[EventType "swiss"]
[EventRounds "7"]
[EventCountry "GER"]
[SourceTitle "EXT 2018"]
[Source "ChessBase"]
[SourceDate "2017.10.13"]
[SourceVersion "1"]
[SourceVersionDate "2017.10.13"]
[SourceQuality "1"]

1. d4 Nf6 2. c4 c5 3. d5 b5 4. Qc2 bxc4 5. e4 d6 6. Bxc4 g6 7. Nc3 Bg7 8. f4 0-0 9. Nf3 Ba6 10. Bd3 c4 11. Be2 Nbd7 12. 0-0 Qb6+ 13. Kh1 Nc5 14. Nd2 Rfc8 15. Bxc4 Ncxe4 16. Ndxe4 Rxc4 17. Nxf6+ Bxf6 18. Bd2 Rac8 19. Rf3 Rb8 20. Rb1 Bc8 21. Qd3 Qc7 22. b3 Bf5 23. Qxc4 Qxc4 24. bxc4 Bxb1 25. Kg1 Bf5 26. Na4 Rb1+ 27. Rf1 Bd4+ 0-1

[Event "Niedersachsen-ch op-B"]
[Site "Verden"]
[Date "2016.01.04"]
[Round "3"]
[White "Pahl, Erik"]
[Black "Bielstein, Bernd"]
[Result "1/2-1/2"]
[WhiteElo "1550"]
[BlackElo "1696"]
[PlyCount "39"]
[EventDate "2016.01.03"]
[EventType "swiss"]
[EventRounds "7"]
[EventCountry "GER"]
[SourceTitle "EXT 2018"]
[Source "ChessBase"]
[SourceDate "2017.10.13"]
[SourceVersion "1"]
[SourceVersionDate "2017.10.13"]
[SourceQuality "1"]

1. e4 e6 2. d4 d5 3. Nc3 dxe4 4. Nxe4 Nd7 5. Bd3 Ngf6 6. c3 Nxe4 7. Bxe4 Nf6 8. Bc2 c5 9. Nf3 Bd7 10. 0-0 Qc7 11. Be3 Bd6 12. Qe2 Bc6 13. h3 0-0 14. Rad1 Rfe8 15. Rd2 cxd4 16. Nxd4 a6 17. Nxc6 Qxc6 18. Rfd1 Be7 19. Bf4 Red8 20. Rxd8+ 1/2-1/2

[Event "Niedersachsen-ch op-B"]
[Site "Verden"]
[Date "2015.01.04"]
[Round "6"]
[White "Bargsten, Justus"]
[Black "Bielstein, Bernd"]
[Result "0-1"]
[WhiteElo "1450"]
[BlackElo "1698"]
[PlyCount "60"]
[EventDate "2015.01.02"]
[EventType "swiss"]
[EventRounds "7"]
[EventCountry "GER"]
[SourceTitle "EXT 2018"]
[Source "ChessBase"]
[SourceDate "2017.10.13"]
[SourceVersion "1"]
[SourceVersionDate "2017.10.13"]
[SourceQuality "1"]

1. d4 Nf6 2. Bf4 g6 3. e3 Bg7 4. Bd3 0-0 5. Nf3 Nc6 6. c3 d6 7. 0-0 Nd7 8. Bg3 e5 9. Nbd2 Nb6 10. Bc2 Bg4 11. Bb3 Qd7 12. Qc2 exd4 13. cxd4 Na5 14. Rac1 Nxb3 15. Qxb3 Rfe8 16. Qc2 c6 17. a4 Nd5 18. a5 h6 19. a6 Nb4 20. Qc4 Nxa6 21. Rc3 c5 22. Qd5 Rad8 23. Ne4 cxd4 24. Nxd4 Nc7 25. Qxb7 Ne6 26. Qxd7 Rxd7 27. f3 Nxd4 28. fxg4 Ne2+ 29. Kh1 Rxe4 30. Rc8+ Kh7 0-1

[Event "Niedersachsen-ch op-B"]
[Site "Verden"]
[Date "2014.01.04"]
[Round "5"]
[White "Bielstein, Bernd"]
[Black "Kiesel, Lucas"]
[Result "1-0"]
[WhiteElo "1684"]
[BlackElo "1312"]
[PlyCount "99"]
[EventDate "2014.01.02"]
[EventType "swiss"]
[EventRounds "7"]
[EventCountry "GER"]
[SourceTitle "EXT 2016"]
[Source "ChessBase"]
[SourceDate "2015.10.08"]
[SourceVersion "1"]
[SourceVersionDate "2015.10.08"]
[SourceQuality "1"]

1. e4 d6 2. d4 Nf6 3. Nc3 g6 4. Bc4 Bg7 5. Nf3 Nxe4 6. Bxf7+ Kxf7 7. Nxe4 Rf8 8. 0-0 d5 9. Neg5+ Kg8 10. Re1 Nc6 11. c3 Qd6 12. Qe2 e6 13. Ne5 b5 14. Ngf3 Nxe5 15. dxe5 Qd7 16. Be3 a5 17. Rad1 Ba6 18. Bc5 Rf5 19. Qe3 Bf8 20. b4 axb4 21. cxb4 Bb7 22. Re2 Qc6 23. Nd4 Bxc5 24. bxc5 Qd7 25. Nxf5 gxf5 26. Rd4 Qe7 27. h4 Kh8 28. Rc2 Rg8 29. c6 Bc8 30. Qb3 Qe8 31. Qxb5 f4 32. Qe2 Qg6 33. f3 Ba6 34. Qd2 Qg3 35. Qf2 Qg7 36. Ra4 Bc4 37. Qe1 Bd3 38. Rb2 Bb5 39. Rxf4 Bxc6 40. Rg4 Qf7 41. Rxg8+ Kxg8 42. Rb8+ Kg7 43. Qg3+ Qg6 44. Qf4 Qf7 45. Qg5+ Qg6 46. Qd8 Qf7 47. Qh8+ Kh6 48. Rf8 Qe7 49. Rf6+ Kh5 50. Qg8 1-0

[Event "Niedersachsen-ch op-B"]
[Site "Verden"]
[Date "2014.01.02"]
[Round "1"]
[White "Bielstein, Bernd"]
[Black "Santos, Leonardo"]
[Result "1/2-1/2"]
[WhiteElo "1684"]
[BlackElo "1361"]
[PlyCount "34"]
[EventDate "2014.01.02"]
[EventType "swiss"]
[EventRounds "7"]
[EventCountry "GER"]
[SourceTitle "EXT 2016"]
[Source "ChessBase"]
[SourceDate "2015.10.08"]
[SourceVersion "1"]
[SourceVersionDate "2015.10.08"]
[SourceQuality "1"]

1. e4 c5 2. Nf3 d6 3. d4 cxd4 4. Nxd4 Nf6 5. Nc3 g6 6. f3 Bg7 7. Be3 0-0 8. Qd2 Nc6 9. 0-0-0 d5 10. Nxc6 bxc6 11. exd5 Nxd5 12. Nxd5 cxd5 13. Qxd5 Qc7 14. Qc4 Qb7 15. Qb3 Qc7 16. Qc4 Qb7 17. Qb3 Qc7 1/2-1/2

[Event "Niedersachsen-ch op-C"]
[Site "Verden"]
[Date "2013.01.05"]
[Round "5"]
[White "Bielstein, Bernd"]
[Black "Flauss, Jessica"]
[Result "1-0"]
[WhiteElo "1674"]
[BlackElo "1413"]
[PlyCount "53"]
[EventDate "2013.01.03"]
[EventType "swiss"]
[EventRounds "7"]
[EventCountry "GER"]
[SourceTitle "EXT 2021"]
[Source "ChessBase"]
[SourceDate "2020.10.23"]
[SourceVersion "1"]
[SourceVersionDate "2020.10.23"]
[SourceQuality "1"]

1. e4 e6 2. d4 d5 3. Nc3 Bb4 4. e5 c5 5. a3 cxd4 6. axb4 dxc3 7. Qg4 cxb2 8. Bxb2 g6 9. Nf3 Nh6 10. Qf4 Nf5 11. g4 Ng7 12. Bd3 h6 13. Nd4 Bd7 14. b5 Qe7 15. Ba3 Qd8 16. Qf6 Rg8 17. Bc1 Qe7 18. Ra4 a6 19. Bxh6 Kf8 20. Bc1 Ne8 21. Qf4 Qh4 22. Nf3 Qh8 23. Ba3+ Kg7 24. g5 Bc8 25. Qf6+ Nxf6 26. exf6+ Kh7 27. Rh4# 1-0

[Event "Braunschweig Oker Cup"]
[Site "Braunschweig"]
[Date "2011.12.04"]
[Round "4"]
[White "Bielstein, Bernd"]
[Black "Gehrke, Mathias"]
[Result "0-1"]
[WhiteElo "1684"]
[BlackElo "1865"]
[PlyCount "76"]
[EventDate "2011.12.02"]
[EventType "swiss"]
[EventRounds "5"]
[EventCountry "GER"]
[SourceTitle "EXT 2013"]
[Source "ChessBase"]
[SourceDate "2012.11.22"]
[SourceVersion "1"]
[SourceVersionDate "2012.11.22"]
[SourceQuality "1"]

1. e4 c5 2. Nf3 Nc6 3. d4 cxd4 4. Nxd4 Nf6 5. Nc3 e6 6. Be2 Bb4 7. Nxc6 bxc6 8. Qd3 a5 9. a3 Ba6 10. Qe3 Bxc3+ 11. Qxc3 Bxe2 12. Kxe2 Qb6 13. f3 0-0 14. Be3 Qb5+ 15. Kf2 d5 16. e5 Nd7 17. b4 Rfe8 18. Rhb1 axb4 19. Rxb4 Qa5 20. Qb2 c5 21. Rb7 Rab8 22. Rb1 Qa8 23. f4 d4 24. Bc1 f6 25. Qb5 Rxb7 26. Qxb7 Qxb7 27. Rxb7 Rd8 28. Rc7 Kf7 29. exf6 gxf6 30. a4 Ke7 31. Ba3 Kd6 32. Rb7 Ra8 33. Ke2 Rxa4 34. Bb2 e5 35. fxe5+ fxe5 36. Kd2 c4 37. c3 Kc6 38. Rb4 Rxb4 0-1

[Event "Niedersachsen-ch op"]
[Site "Verden"]
[Date "2011.01.04"]
[Round "6"]
[White "Bielstein, Bernd"]
[Black "Kramer, Norbert"]
[Result "1-0"]
[WhiteElo "1628"]
[BlackElo "1815"]
[PlyCount "60"]
[EventDate "2011.01.02"]
[EventType "swiss"]
[EventRounds "7"]
[EventCountry "GER"]
[SourceTitle "EXT 2018"]
[Source "ChessBase"]
[SourceDate "2017.10.13"]
[SourceVersion "1"]
[SourceVersionDate "2017.10.13"]
[SourceQuality "1"]

1. e4 d5 2. exd5 Nf6 3. d4 Nxd5 4. Nf3 Bf5 5. c3 c6 6. Bd3 Bxd3 7. Qxd3 e6 8. 0-0 Be7 9. Re1 Nd7 10. Nbd2 0-0 11. Ne5 Bf6 12. Ndf3 Nxe5 13. dxe5 Be7 14. Qe4 Nc7 15. Qg4 f5 16. exf6 Bxf6 17. Be3 Qe7 18. Rad1 Nd5 19. Bg5 Rae8 20. Qg3 Bxg5 21. Nxg5 e5 22. Ne4 Rf4 23. c4 Nb6 24. b3 Ref8 25. Qe3 Rd8 26. Rxd8+ Qxd8 27. Nc5 Qf8 28. Ne6 Qf7 29. Nxf4 exf4 30. Qe7 Nc8 1-0

[Event "Langenhagen-ch op"]
[Site "Langenhagen"]
[Date "2001.??.??"]
[Round "1"]
[White "Guitkis, Alexej"]
[Black "Bielstein, Bernd"]
[Result "1-0"]
[WhiteElo "1990"]
[BlackElo "1586"]
[PlyCount "69"]
[EventDate "2001.05.??"]
[EventType "swiss"]
[EventRounds "7"]
[EventCountry "GER"]
[SourceTitle "EXT 2021"]
[Source "ChessBase"]
[SourceDate "2020.10.23"]
[SourceVersion "1"]
[SourceVersionDate "2020.10.23"]
[SourceQuality "1"]

1. e4 c5 2. Nf3 g6 3. d4 cxd4 4. Nxd4 Nc6 5. Nc3 Bg7 6. Be3 d6 7. Bc4 Nf6 8. f3 0-0 9. Qd2 Nxd4 10. Bxd4 e5 11. Be3 Qc7 12. Bb3 a6 13. h4 Be6 14. 0-0-0 Bxb3 15. axb3 Rfd8 16. h5 b5 17. hxg6 fxg6 18. Bg5 Rab8 19. Nd5 Qf7 20. Qe1 Rd7 21. Qh4 Rf8 22. f4 Bh8 23. Bh6 Rb8 24. f5 Nxd5 25. fxg6 Qxg6 26. Rxd5 Bf6 27. Qh3 Bg5+ 28. Bxg5 Qxg5+ 29. Kb1 Qe7 30. Rf1 Rf8 31. Qg4+ Qg7 32. Qe6+ Rdf7 33. Rxd6 Kh8 34. Rxf7 Qxf7 35. Qxe5+ 1-0